Ứng dụng chân không trong công nghiệp. /
সংরক্ষণ করুন:
| প্রধান লেখক: | |
|---|---|
| অন্যান্য লেখক: | |
| বিন্যাস: | গ্রন্থ |
| ভাষা: | Vietnamese |
| প্রকাশিত: |
H. :
Khoa học và kỹ thuật ,
1987
|
| বিষয়গুলি: | |
| ট্যাগগুলো: |
ট্যাগ যুক্ত করুন
কোনো ট্যাগ নেই, প্রথমজন হিসাবে ট্যাগ করুন!
|
| Thư viện lưu trữ: | Thư viện Trường CĐ Kỹ Thuật Cao Thắng |
|---|
| LEADER | 00708nam a2200205 a 4500 | ||
|---|---|---|---|
| 001 | TVCDKTCT3263 | ||
| 003 | Thư viện trường Cao đẳng Kỹ thuật Cao Thắng | ||
| 005 | 20050919000000 | ||
| 008 | 050919 | ||
| 980 | \ | \ | |a Thư viện Trường CĐ Kỹ Thuật Cao Thắng |
| 024 | |a RG_1 #1 eb0 i1 | ||
| 041 | 0 | # | |a vie |
| 082 | # | # | |a 621.55 / |b L250Đ-ö |
| 100 | 1 | # | |a Lê Nguyên Đương |
| 245 | 0 | 0 | |a Ứng dụng chân không trong công nghiệp. / |c Lê Nguyên Đương, Nguyễn Minh |
| 260 | # | # | |a H. : |b Khoa học và kỹ thuật , |c 1987 |
| 300 | # | # | |a 111tr. ; |c 27cm |
| 650 | # | 4 | |a Ứng dụng chân không |
| 650 | # | 4 | |a Công nghiệp |
| 700 | 0 | # | |a Nguyễn Minh |